| 000 | 00920cam a2200265 4500 | ||
|---|---|---|---|
| 001 | ABS60819 | ||
| 008 | 000000n1999 000 0 eng u | ||
| 035 | _a(Sirsi) u101315 | ||
| 245 | _aLeisure supplement. | ||
| 260 | _c1999 | ||
| 490 |
_aProperty Week _v64(25) supplement, 25 June 1999 (36) |
||
| 520 | _aA supplement looking at the leisure sector, including investment in leisure parks, the pub portfolio sale and lease back market, shopping centres, the fitness industry, low-tariff hotels, small food and drink operators, family entertainment centres, and the cinema sector. | ||
| 650 | _aLEISURE PARKS | ||
| 650 | _aPUBLIC HOUSES | ||
| 650 | _aSHOPPING CENTRES | ||
| 650 | _aFITNESS CENTRES | ||
| 650 | _aLEISURE MARKET | ||
| 650 | _aHOTELS | ||
| 650 | _aTOURISM | ||
| 650 | _aFAMILY ENTERTAINMENT CENTRES | ||
| 650 | _aMULTIPLEXES | ||
| 650 | _aINVESTMENT | ||
| 650 | _aLEISURE | ||
| 942 | _n0 | ||
| 999 |
_c60466 _d60466 |
||